00416nam a2200121Ia 4500008004100000082001400041100004000055245005700095300000800152942001200160999001900172952010300191210430s9999 xx 000 0 und d a470 K581H aMir hussain Ali khan Kirmani954658 aHistory of Tipu SultancMir hussain Ali khan Kirmani a186 cBK2ddc c565300d565300 001040708NFICaSCMEbSCMEcGENd0004-09-15l0o470 K581HpSCME-4591r2021-04-30w2021-04-30yBK